India's agricultural challenges (Record no. 516021)
[ view plain ]
| 000 -LEADER | |
|---|---|
| fixed length control field | 00246nam a22000977a 4500 |
| 100 ## - MAIN ENTRY--PERSONAL NAME | |
| Personal name | Chand Ramesh |
| 9 (RLIN) | 22312 |
| 245 ## - TITLE STATEMENT | |
| Title | India's agricultural challenges |
| 260 ## - PUBLICATION, DISTRIBUTION, ETC. (IMPRINT) | |
| Place of publication, distribution, etc | New Delhi |
| Name of publisher, distributor, etc | Centad |
| Date of publication, distribution, etc | 2005 |
| 300 ## - PHYSICAL DESCRIPTION | |
| Extent | 257p. |
| 600 ## - SUBJECT ADDED ENTRY--PERSONAL NAME | |
| Personal name | Agricultural policy |
| 9 (RLIN) | 22313 |
| Withdrawn status | Lost status | Source of classification or shelving scheme | Damaged status | Koha normalized classification for sorting | Not for loan | Permanent location | Current location | Date acquired | Full call number | Barcode | Date last seen | Price effective from | Koha item type |
|---|---|---|---|---|---|---|---|---|---|---|---|---|---|
| TNC_ZX54_C361 | Indian Institute of Public Administration | Indian Institute of Public Administration | 2021-02-16 | TNC Zx54 C361 | GR22356.1 | 2021-02-16 | 2021-02-16 | GR |
